| 000 | 00627nam a2200205 i 4500 | ||
|---|---|---|---|
| 001 | 84424 | ||
| 003 | ES-MaACL | ||
| 005 | 20230906175019.0 | ||
| 007 | t| | ||
| 008 | 041122s1962 sp ||||1| spa d | ||
| 080 | _a611.81(075.8) | ||
| 080 | _a616.831(075.8) | ||
| 100 | 1 |
_aJiménez González, Luis. _966534 |
|
| 245 | 1 | 0 |
_aSistema nervioso central _b: anatomía funcional y fundamentos de patología / _cLuis Jiménez González. |
| 250 | _a3ª ed. | ||
| 260 |
_aZaragoza : _b[s.n.], _c1962. |
||
| 300 |
_a487 p. : _bil. ; _c25 cm. |
||
| 650 | 4 |
_aSistema nervioso central. _9147112 |
|
| 852 |
_aES-MaACL _jF-1723 _bR.49990 |
||
| 999 |
_c84424 _d84424 |
||